Management information system (Record no. 3440)

MARC details
000 -LEADER
fixed length control field 00494 a2200169 4500
000 - LEADER
fixed length control field BKB
001 - CONTROL NUMBER
control field 069906
005 - DATE AND TIME OF LATEST TRANSACTION
control field 20200902150401.0
008 - FIXED-LENGTH DATA ELEMENTS--GENERAL INFORMATION
fixed length control field
082 ## - DEWEY DECIMAL CLASSIFICATION NUMBER
Classification number 658.4038
Item number J19M
100 1# - MAIN ENTRY--PERSONAL NAME
Personal name Jaiswal, Mahadeo
245 1# - TITLE STATEMENT
Title Management information system
Statement of responsibility, etc by Mahadeo Jaiswal and Monika Mital
260 ## - PUBLICATION, DISTRIBUTION, ETC. (IMPRINT)
Place of publication, distribution, etc New Delhi
Name of publisher, distributor, etc Oxford University Press
Date of publication, distribution, etc 2010
300 ## - PHYSICAL DESCRIPTION
Extent 623p.
690 ## - LOCAL SUBJECT ADDED ENTRY--TOPICAL TERM (OCLC, RLIN)
Topical term or geographic name as entry element Management information systems
700 ## - ADDED ENTRY--PERSONAL NAME
Personal name Mital, Monika
Numeration
Titles and other words associated with a name
Holdings
Withdrawn status Lost status Damaged status Not for loan Home library Current library Date acquired Cost, normal purchase price Total Checkouts Full call number Barcode Date last seen Date checked out Price effective from Koha item type
        Central University Of Rajasthan Central University Of Rajasthan 07/03/2012 315.00 1 658.4038 J19M 4193 21/11/2024 09/02/2023 02/09/2020 Books